| 000 | 00955nam a22003137a 4500 | ||
|---|---|---|---|
| 001 | BR7805985 | ||
| 003 | BR-BrBNA | ||
| 005 | 20230928085728.0 | ||
| 007 | ta | ||
| 008 | 230509b bl.||||| |||| 00| 0 por d | ||
| 040 |
_aBR-BrBNA _bpor _cBiblioteca Nacional de Agricultura |
||
| 041 | _a(Por) | ||
| 072 |
_aA50; F00 _b0150 _b0430 _b0120 _b1540 _b/G514 |
||
| 090 | _ 0150 BR7805985 | ||
| 110 | 1 |
_aUnidade de Execucao de Pesquisa de Ambito Estadual de Penedo, AL (Brasil) _910371 |
|
| 245 | 1 | _aRelatorio trimestral 1978, 4. trimestre [Unidade de Execucao de Pesquisa de Ambito Estadual de Penedo, Alagoas, Brasil] | |
| 260 | 3 |
_aPenedo, AL (Brasil): _c1978. |
|
| 300 | _a9 p. | ||
| 650 | _aPROJETO DE PESQUISA | ||
| 650 | _aARROZ | ||
| 650 | _aALGODAO HERBACEO | ||
| 650 | _aMILHO | ||
| 650 | _aMANDIOCA | ||
| 650 | _aINSTITUICAO DE PESQUISA | ||
| 650 | _aPENEDO | ||
| 650 | _aALAGOAS | ||
| 909 |
_a202309 _bLucia _c55 _dLucia Elande |
||
| 942 | _cBK | ||
| 999 |
_c26016 _d26016 |
||